| 000 | 01216cam a2200313 4500 | ||
|---|---|---|---|
| 008 | 031113n2003 000 0 eng u | ||
| 020 | _a0860175804 | ||
| 035 | _a(Sirsi) u124315 | ||
| 041 | _aeng | ||
| 050 |
_a624.16 _c18 |
||
| 100 | _aGaba, A. R. | ||
| 245 |
_aEmbedded retaining walls _bguidance for economic design |
||
| 260 |
_aLondon _bCIRIA _c2003 |
||
| 300 |
_a390p. _bill. _c30cm. |
||
| 350 | _a120 | ||
| 490 |
_aCIRIA Publication _vC580 |
||
| 520 | _aThis book provides best practice guidance on the selection and design of vertical embedded retaining walls. It addresses the technical and construction issues relating to the selection of appropriate wall type and construction sequence to achieve overall economy. Glossary, references and various appendices. | ||
| 650 | _aRETAINING WALLS | ||
| 650 | _aGEOTECHNICAL ENGINEERING | ||
| 650 | _aEMBEDDED SYSTEMS | ||
| 650 | _aGROUND ENGINEERING | ||
| 690 | _aBUILDING AND CONSTRUCTION-ENGINEERING | ||
| 700 | _aSimpson, B. | ||
| 700 | _aPowrie, W. | ||
| 700 | _aBeadman, D. R. | ||
| 710 |
_aConstruction Industry Research and Information Association _94810 |
||
| 710 |
_aUnited Kingdom _bDepartment of Trade and Industry |
||
| 942 | _n0 | ||
| 999 |
_c103199 _d103199 |
||